00370pab a2200133 454500008004000000100001700040245008900057260000900146300001300155362001200168650001400180700002100194773002100215180718b2014 xxu||||| |||| 00| 0 eng d aMao, Akha K. aGyanshakti an 'Write for Unity': Two examples of electoral campaign by 'Other' means c2014 ap.69-80. aMay-Jun aElections aChahil, Manoj K. aSocial Scientist